<?xml version='1.0' encoding='UTF-8'?>
  <record xmlns="http://www.loc.gov/MARC21/slim">
    <leader>00000cam a22000007i 4500</leader>
    <controlfield tag="001">ocn902601290</controlfield>
    <controlfield tag="003">OCoLC</controlfield>
    <controlfield tag="005">20250509222201.6</controlfield>
    <controlfield tag="008">150130s1540    gw            001 0 lat d</controlfield>
    <datafield tag="040" ind1=" " ind2=" ">
      <subfield code="a">NLGGC</subfield>
      <subfield code="b">eng</subfield>
      <subfield code="e">rda</subfield>
      <subfield code="e">dcrmr</subfield>
      <subfield code="c">NLGGC</subfield>
      <subfield code="d">QGJ</subfield>
      <subfield code="d">OCLCQ</subfield>
      <subfield code="d">OCLCL</subfield>
    </datafield>
    <datafield tag="029" ind1="0" ind2=" ">
      <subfield code="a">NLGGC</subfield>
      <subfield code="b">388965843</subfield>
    </datafield>
    <datafield tag="035" ind1=" " ind2=" ">
      <subfield code="a">(OCoLC)902601290</subfield>
    </datafield>
    <datafield tag="041" ind1="1" ind2=" ">
      <subfield code="a">lat</subfield>
      <subfield code="a">grc</subfield>
      <subfield code="a">ger</subfield>
      <subfield code="h">ger</subfield>
    </datafield>
    <datafield tag="082" ind1="0" ind2="4">
      <subfield code="a">615.321</subfield>
      <subfield code="q">OCoLC</subfield>
      <subfield code="2">23/eng/20240417</subfield>
      <subfield code="1">https://id.oclc.org/worldcat/ddc/E4cCRjTkCjg3G6f6j4tCpXfCpH</subfield>
    </datafield>
    <datafield tag="100" ind1="1" ind2=" ">
      <subfield code="a">Dorsten, Dietrich,</subfield>
      <subfield code="d">-1551 or 1552,</subfield>
      <subfield code="e">author.</subfield>
      <subfield code="4">aut</subfield>
    </datafield>
    <datafield tag="245" ind1="1" ind2="0">
      <subfield code="a">Botanicon, continens herbarum, aliorumque Simplicium, quorum usus in Medicinis est, descriptiones, &amp; Iconas ad uiuum effigiatas :</subfield>
      <subfield code="b">ex praecipuis tam Graecis quàm Latinis Authoribus iam recens concinnatum. Additis etiam, quae Neotericorum obseruationes &amp; experientiae uel comprobarunt denuo, uel nuper inuenerunt. /</subfield>
      <subfield code="c">Aut. Theoderico Dorstenio Medico.</subfield>
    </datafield>
    <datafield tag="246" ind1="3" ind2=" ">
      <subfield code="a">Botanicon, continens herbarvm, aliorvmqve Simplicium, quorum usus in Medicinis est, descriptiones, &amp; Iconas ad uiuum effigiatas</subfield>
    </datafield>
    <datafield tag="246" ind1="3" ind2=" ">
      <subfield code="a">Botanicon, continens herbarum, aliorumque simplicium, quorum usus in medicinis est, descriptiones, &amp; iconas ad vivum effigiatas</subfield>
    </datafield>
    <datafield tag="264" ind1=" " ind2="1">
      <subfield code="a">Francoforti, :</subfield>
      <subfield code="b">Christianus Egenolphus excudebat.,</subfield>
      <subfield code="c">1540</subfield>
    </datafield>
    <datafield tag="300" ind1=" " ind2=" ">
      <subfield code="a">[10], 306 leaves :</subfield>
      <subfield code="b">illustrations (woodcuts) ;</subfield>
      <subfield code="c">30 cm (folio)</subfield>
    </datafield>
    <datafield tag="336" ind1=" " ind2=" ">
      <subfield code="a">text</subfield>
      <subfield code="b">txt</subfield>
      <subfield code="2">rdacontent</subfield>
    </datafield>
    <datafield tag="337" ind1=" " ind2=" ">
      <subfield code="a">unmediated</subfield>
      <subfield code="b">n</subfield>
      <subfield code="2">rdamedia</subfield>
    </datafield>
    <datafield tag="338" ind1=" " ind2=" ">
      <subfield code="a">volume</subfield>
      <subfield code="b">nc</subfield>
      <subfield code="2">rdacarrier</subfield>
    </datafield>
    <datafield tag="340" ind1=" " ind2=" ">
      <subfield code="m">folio</subfield>
      <subfield code="2">rdabf</subfield>
    </datafield>
    <datafield tag="500" ind1=" " ind2=" ">
      <subfield code="a">Colophon: Francoforti, Apud Christianum Egenolphum Hadamarium, Anno M.D.XL. [1540] Mense Martio.</subfield>
    </datafield>
    <datafield tag="500" ind1=" " ind2=" ">
      <subfield code="a">With woodcut initials and woodcuts of plants and herbs.</subfield>
    </datafield>
    <datafield tag="500" ind1=" " ind2=" ">
      <subfield code="a">Includes indexes in Greek, Latin and German.</subfield>
    </datafield>
    <datafield tag="500" ind1=" " ind2=" ">
      <subfield code="a">Names of the plants in Greek, Latin and German.</subfield>
    </datafield>
    <datafield tag="510" ind1="4" ind2=" ">
      <subfield code="a">Verzeichnis der im deutschen Sprachbereich erschienenen Drucke des 16. Jahrhunderts (VD 16),</subfield>
      <subfield code="c">D 2442</subfield>
      <subfield code="u">https://gateway-bayern.de/VD16+D+2442</subfield>
    </datafield>
    <datafield tag="510" ind1="4" ind2=" ">
      <subfield code="a">Pritzel, G.A. Thesaurus literaturae botanicae omnium gentium (1872-1877 edition),</subfield>
      <subfield code="c">2378</subfield>
    </datafield>
    <datafield tag="510" ind1="4" ind2=" ">
      <subfield code="a">Nissen, C. Botanische Buchillustration,</subfield>
      <subfield code="c">522</subfield>
    </datafield>
    <datafield tag="510" ind1="4" ind2=" ">
      <subfield code="a">Universal short title catalogue,</subfield>
      <subfield code="c">616903</subfield>
    </datafield>
    <datafield tag="520" ind1=" " ind2=" ">
      <subfield code="a">First edition of Theodor Dorsten's Latin adaptation of Eucharius Rösslin's illustrated German herbal, Kreutterbuch, first published (also by Egenolff) in 1535. It includes about 284 botanical illustrations originally cut for the Rösslin edition, many based on illustrations cut by Hans Weiditz for Otto Brunfels's Herbarium vivae eicones (1530-1536). The present edition appeared in two simultaneous issues, the present issue repeating three of the botanical illustrations on the title-page and the other instead showing Egenolff's woodcut burning heart device (see USTC 616902): most catalogues do not distinguish the two. The VD16 (Verzeichnis der im deutschen Sprachbereicherschienenen Drucke des 16. Jahrhunderts) distinguishes the two issues (see D 2442 and D 2443).</subfield>
    </datafield>
    <datafield tag="650" ind1=" " ind2="0">
      <subfield code="a">Herbs</subfield>
      <subfield code="v">Early works to 1800.</subfield>
    </datafield>
    <datafield tag="650" ind1=" " ind2="0">
      <subfield code="a">Herbs</subfield>
      <subfield code="x">Therapeutic use</subfield>
      <subfield code="v">Early works to 1800.</subfield>
    </datafield>
    <datafield tag="650" ind1=" " ind2="0">
      <subfield code="a">Medicinal plants</subfield>
      <subfield code="v">Early works to 1800.</subfield>
    </datafield>
    <datafield tag="650" ind1=" " ind2="0">
      <subfield code="a">Botany</subfield>
      <subfield code="v">Pre-Linnean works.</subfield>
    </datafield>
    <datafield tag="650" ind1=" " ind2="6">
      <subfield code="a">Herbes</subfield>
      <subfield code="v">Ouvrages avant 1800.</subfield>
    </datafield>
    <datafield tag="650" ind1=" " ind2="6">
      <subfield code="a">Herbes</subfield>
      <subfield code="x">Emploi en thérapeutique</subfield>
      <subfield code="v">Ouvrages avant 1800.</subfield>
    </datafield>
    <datafield tag="650" ind1=" " ind2="6">
      <subfield code="a">Plantes médicinales</subfield>
      <subfield code="v">Ouvrages avant 1800.</subfield>
    </datafield>
    <datafield tag="650" ind1=" " ind2="6">
      <subfield code="a">Botanique</subfield>
      <subfield code="v">Ouvrages prélinnéens.</subfield>
    </datafield>
    <datafield tag="650" ind1=" " ind2="7">
      <subfield code="a">Botany</subfield>
      <subfield code="2">fast</subfield>
    </datafield>
    <datafield tag="650" ind1=" " ind2="7">
      <subfield code="a">Herbals</subfield>
      <subfield code="2">fast</subfield>
    </datafield>
    <datafield tag="655" ind1=" " ind2="7">
      <subfield code="a">Early works</subfield>
      <subfield code="2">fast</subfield>
    </datafield>
    <datafield tag="700" ind1="0" ind2=" ">
      <subfield code="a">Ferdinand</subfield>
      <subfield code="b">I,</subfield>
      <subfield code="c">Holy Roman Emperor,</subfield>
      <subfield code="d">1503-1564,</subfield>
      <subfield code="e">censor.</subfield>
      <subfield code="4">cns</subfield>
    </datafield>
    <datafield tag="700" ind1="1" ind2=" ">
      <subfield code="a">Egenolff, Christian,</subfield>
      <subfield code="d">1502-1555,</subfield>
      <subfield code="e">printer.</subfield>
      <subfield code="4">prt</subfield>
    </datafield>
    <datafield tag="700" ind1="1" ind2=" ">
      <subfield code="a">Mithob, Burckhard,</subfield>
      <subfield code="d">1501-1564,</subfield>
      <subfield code="e">dedicatee.</subfield>
      <subfield code="4">dte</subfield>
    </datafield>
    <datafield tag="700" ind1="0" ind2=" ">
      <subfield code="a">Erich</subfield>
      <subfield code="b">I,</subfield>
      <subfield code="c">Duke of Brunswick-Lüneburg,</subfield>
      <subfield code="d">1470-1540,</subfield>
      <subfield code="e">dedicatee.</subfield>
      <subfield code="4">dte</subfield>
    </datafield>
    <datafield tag="700" ind1="1" ind2=" ">
      <subfield code="a">Lorich, Reinhard,</subfield>
      <subfield code="e">contributor.</subfield>
      <subfield code="4">ctb</subfield>
    </datafield>
    <datafield tag="700" ind1="1" ind2="2">
      <subfield code="i">Adaptation of (work):</subfield>
      <subfield code="a">Rösslin, Eucharius,</subfield>
      <subfield code="d">-1526.</subfield>
      <subfield code="t">Kreutterbuch.</subfield>
    </datafield>
    <datafield tag="752" ind1=" " ind2=" ">
      <subfield code="a">Germany</subfield>
      <subfield code="d">Frankfurt am Main,</subfield>
      <subfield code="e">publication place.</subfield>
      <subfield code="4">pup</subfield>
    </datafield>
  </record>